Estudio de prefactibilidad en la apertura de un minisúper denominado MAJAG, municipio La Libertad, Chontales

La presente investigación, se realiza con el propósito de conocer la aceptación y rentabilidad del proyecto de inversión de un minisúper en la ciudad de la Libertad, Chontales, con el fin de brindar una buena atención a los clientes, satisfacer necesidades y deseos, ofreciendo productos de exc...

Full description

Bibliographic Details
Main Authors: Chavarría Argüello, Guiara Dalila, Ortega Duarte, Arely del Socorro, Urbina Morales, María Jesús
Other Authors: Tutor: Laguna Lumbí, Carmen
Format: Tesis Section = Libro
Language:Undetermined
Spanish
Published: Managua UNI RURC 2022
Subjects:
LEADER 01282nam a2200289Ia 4500
008 240830s9999 xx 000 0 und d
040 |a BIBLIOTECA-RUPAP/ Mon 658.11 Ch512 
041 |a spa 
082 |a Mon 658.11 Ch512 
100 1 |a Chavarría Argüello, Guiara Dalila 
100 1 |b Ortega Duarte, Arely del Socorro 
100 1 |c Urbina Morales, María Jesús 
245 1 0 |a Estudio de prefactibilidad en la apertura de un minisúper denominado MAJAG, municipio La Libertad, Chontales 
260 |a Managua  |b UNI RURC  |c 2022 
300 |a 95 p. :il. 
500 |a Contiene: anexos y CD. 
502 |a Tesis (Ingeniero de Sistemas) - UNI, 2022. 
520 3 |a La presente investigación, se realiza con el propósito de conocer la aceptación y rentabilidad del proyecto de inversión de un minisúper en la ciudad de la Libertad, Chontales, con el fin de brindar una buena atención a los clientes, satisfacer necesidades y deseos, ofreciendo productos de excelente calidad a un precio accesible. 
650 7 |a NUEVOS NEGOCIOS 
650 7 |b  ESTUDIOS DE FACTIBILIDAD 
650 7 |c  ESTUDIO DE MERCADO 
650 7 |d ESTUDIO FINANCIERO 
650 7 |e MINISUPER-NICARAGUA 
700 1 |a Tutor:  |b Laguna Lumbí, Carmen 
942 |c BK  |2 ddc 
991 |a Tesis 
999 |c 27597